Los viajes de Gulliver (Registro nro. 16420)

Detalles MARC
000 -CABECERA
Longitud fija campo de control 00595nam a2200193 a 4500
003 - IDENTIFICADOR DELl NÚMERO DE CONTROL
Identificador del número de control OSt
005 - FECHA Y HORA DE LA ÚLTIMA TRANSACCIÓN
Fecha y hora de la última transacción 20150203213002.0
008 - CÓDIGOS DE INFORMACIÓN DE LONGITUD FIJA
Códigos de información de longitud fija 020226s1969 esp j 0001 spa d
040 ## - FUENTE DE LA CATALOGACIÓN
Centro transcriptor BMC
082 ## - NÚMERO DE LA CLASIFICACIÓN DECIMAL DEWEY
Númeroo de clasificación 823.9915
100 1# - PUNTO DE ACCESO PRINCIPAL-NOMBRE DE PERSONA
9 (RLIN) 169
Nombre de persona Swift, Jonathan
Fechas asociadas al nombre 1667-1745
245 14 - MENCIÓN DE TÍTULO
Título Los viajes de Gulliver
Mención de responsabilidad, etc. Jonathan Swift ; prólogo de Alvaro Cunqueiro
260 ## - PUBLICACIÓN, DISTRIBUCIÓN, ETC. (PIE DE IMPRENTA)
Lugar de publicación, distribución, etc. Barcelona [etc.]
Nombre del editor, distribuidor, etc. Salvat
Fecha de publicación, distribución, etc. D.L. 1969
300 ## - DESCRIPCIÓN FÍSICA
Extensión 188 p.
Otras características físicas il.
Dimensiones 18 cm
490 0# - MENCIÓN DE SERIE
Mención de serie Biblioteca Básica Salvat. Libro RTV
Designación de volumen o secuencia 12
650 24 - PUNTO DE ACCESO ADICIONAL DE MATERIA - TÉRMINO DE MATERIA
9 (RLIN) 26310
Término de materia o nombre geográfico como elemento inicial Novela irlandesa
700 1# - PUNTO DE ACCESO ADICIONAL - NOMBRE DE PERSONA
9 (RLIN) 29339
Nombre de persona Cunqueiro, Álvaro
Fechas asociadas al nombre 1911-1981
942 ## - ENTRADA DE ELEMENTOS AGREGADOS (KOHA)
Fuente de clasificaión o esquema Dewey Decimal Classification
Koha [por defecto] tipo de item 1- Monografias
Existencias
Suprimido Perdido Fuente de clasificación o esquema Estropeado Restricciones de uso No para préstamo Código de colección Localización permanente Localización actual Localización en estanter&íacute;as Fecha adquisición Fuente de adquisición Número de inventario Préstamos totales Signatura completa Código de barras Fecha última consulta Coste, precio reemplazado Fecha del precio de reemplazo Tipo de item de Koha
NULL NULL Dewey Decimal Classification NULL Prestable NULL NULL Biblioteca Miguel de Cervantes - UNICAES Biblioteca Miguel de Cervantes - UNICAES Sala Principal 05/12/2014 Donación - Proyección Social 025572   N SWI via 1025982 05/12/2014 5.00 05/12/2014 1- Monografias
NULL NULL Dewey Decimal Classification NULL Prestable NULL NULL Biblioteca Miguel de Cervantes - UNICAES Biblioteca Miguel de Cervantes - UNICAES Sala Principal 05/12/2014 Donación - Hnas Concepcionistas 025573   N SWI via 1025983 05/12/2014 5.00 05/12/2014 1- Monografias
NULL NULL Dewey Decimal Classification NULL Prestable NULL NULL Biblioteca Miguel de Cervantes - UNICAES Biblioteca Miguel de Cervantes - UNICAES Sala Principal 05/12/2014 Donación - Proyección Social 025574   N SWI via 1025984 05/12/2014 5.00 05/12/2014 1- Monografias